书目信息 |
| 题名: |
尼斯与南部法国
|
|
| 作者: | 唐军 , 伊尚 编著 ;何侃 , 谢曙光 主编 | |
| 分册: | ||
| 出版信息: | 北京 社会科学文献出版社 2004 |
|
| 页数: | 197页 | |
| 开本: | 23cm | |
| 丛书名: | 飞扬商旅书系 | |
| 单 册: | ||
| 中图分类: | K956.59 | |
| 科图分类: | ||
| 主题词: | 旅游指南--法国 | |
| 电子资源: | ||
| ISBN: | 7-80190-261-0 | |
| 000 | 01489nam0 2200397 450 | |
| 000 | 01452nam0 2200385 450 | |
| 000 | 01450nam0 2200397 450 | |
| 000 | 01396nam0 2200373 450 | |
| 000 | 01414nam0 2200361 450 | |
| 000 | 01377nam0 2200349 45 | |
| 001 | TS2006011166 | |
| 005 | 20061208104812.42 | |
| 010 | @a7-80190-261-0@dCNY39.00 | |
| 100 | @a20060829d2004 em y0chiy0110 ea | |
| 101 | 0 | @achi@aeng |
| 102 | @aCN@b110000 | |
| 105 | @aa z 000yy | |
| 200 | 1 | @a尼斯与南部法国@Ani si yu nan bu fa guo@e阳光灿烂的度假胜地@f伊尚, 唐军编著 |
| 210 | @a北京@c社会科学文献出版社@d2004 | |
| 215 | @a197页@c照片@d23cm | |
| 225 | 2 | @a飞扬商旅书系@f谢曙光, 何侃主编 |
| 330 | @a本书以画册形式提供了现代艺术的摇篮法国南部海岸及尼斯的旅游指南,介绍老城尼斯的历史建筑、节庆习俗,及南法国的军港城市、葡萄酒之乡等。 | |
| 410 | 0 | @12001 @a飞扬商旅书系 |
| 510 | 1 | @aNice and the South France@eThe Sunny Paradise@zeng |
| 517 | 1 | @a阳光灿烂的度假胜地@Ayang guang can lan de du jia sheng di |
| 606 | 0 | @a旅游指南@y法国 |
| 690 | @aK956.59@v4 | |
| 701 | 0 | @a唐军@Atang jun@c(旅游)@4编著 |
| 701 | 0 | @a伊尚@Ayi shang@c(旅游)@4编著 |
| 702 | 0 | @a何侃@Ahe kan@c(旅游)@4主编 |
| 702 | 0 | @a谢曙光@Axie shu guang@c(教授)@4主编 |
| 801 | 0 | @aCN@b中图数据@c20061208 |
| 905 | @a10447@dK956.59@e113 | |
| 尼斯与南部法国:阳光灿烂的度假胜地/伊尚, 唐军编著.-北京:社会科学文献出版社,2004 |
| 197页:照片;23cm.-(飞扬商旅书系/谢曙光, 何侃主编) |
| ISBN 7-80190-261-0:CNY39.00 |
| 本书以画册形式提供了现代艺术的摇篮法国南部海岸及尼斯的旅游指南,介绍老城尼斯的历史建筑、节庆习俗,及南法国的军港城市、葡萄酒之乡等。 |
| ● |
| 相关链接 |
|
|
|
|
正题名:尼斯与南部法国
索取号:K956.59/113
 
预约/预借
| 序号 | 登录号 | 条形码 | 馆藏地/架位号 | 状态 | 备注 |
| 1 | 0616906 | 206169064 | 第二样本阅览室/ [索取号:K956.59/113] | 在馆 | |
| 2 | 0616907 | 206169073 | 第二借阅区/ [索取号:K956.59/113] | 在馆 | |
| 3 | 0616908 | 206169082 | 第二借阅区/ [索取号:K956.59/113] | 在馆 | |
| 4 | 0616909 | 206169091 | 第二借阅区/ [索取号:K956.59/113] | 在馆 | |
| 5 | 0616910 | 206169108 | 第二借阅区/ [索取号:K956.59/113] | 在馆 |